00460nam a22001457a 4500003000400000005001700004008004100021020001800062040003200080100001900112245011600131260003100247300001100278650002500289OSt20220803153414.0220803b ||||| |||| 00| 0 spa d a950-07-1177-X cBiblioteca Ernesto Sábato aAbraham, Tomas aEl último oficio de Nietzsche y la polémica sobre el nacimiento de la tragediab: Wilamowitz, Rodhe, Wagner aBuenos AiresbSudamericana a356 p. aNIETZSCHE, FRIEDRICH